00565nam a2200145Ia 4500008004100000041000800041082001600049100002000065245008300085260003700168300001900205520003600224999001700260952014200277240719s9999 xx 000 0 und d aeng a303.482 DAM a Damluji Hassan aTheresponsibleglobalist: what citizens of the world can learn from nationalism aUnited KingdombAllen Lanec2019 a208;.P. 22 cm aFaculty Purchase by Dr. Shyam S c41492d41492 00104070aIMTNbIMTNcRack 6-Bd2024-10-06eD C g799.00l1n32767o303.482 DAMp33541r2025-10-13 00:00:00s2024-07-21w2022-05-16yBK